Southville International School and Colleges
Your cart is empty.
  • Cart
  • Lists
    Public lists Eva Luna New books Lux_list list_1
    Your lists Log in to create your own lists
  • Log in to your account
  • Your cookies
  • Search history
Southville International School and Colleges
  • Advanced search
  • Recent comments
  • Most popular
  • Libraries

Log in to your account

Log in with GOOGLE


If you do not have an external account, but do have a local account, you can still log in:

  1. Home
  2. MARC view: Think about it :
Normal view MARC view ISBD view

Think about it : (Record no. 6776)

[ view plain ]
MARC details
000 -LEADER
fixed length control field 00599nam a22002057a 4500
003 - CONTROL NUMBER IDENTIFIER
control field OSt
005 - DATE AND TIME OF LATEST TRANSACTION
control field 20140310181916.0
008 - FIXED-LENGTH DATA ELEMENTS--GENERAL INFORMATION
fixed length control field 130716t xxu||||| |||| 00| 0 eng d
020 ## - INTERNATIONAL STANDARD BOOK NUMBER
International Standard Book Number 155767082X
050 ## - LIBRARY OF CONGRESS CALL NUMBER
Classification number LB 1062
Item number .K43 1990
082 ## - DEWEY DECIMAL CLASSIFICATION NUMBER
Classification number TR 370.152
Item number K49 1990
245 ## - TITLE STATEMENT
Title Think about it :
Remainder of title a thinking skills program for junior high /
Statement of responsibility, etc Peter J. Ketchum.
260 ## - PUBLICATION, DISTRIBUTION, ETC. (IMPRINT)
Place of publication, distribution, etc Pennsylvania :
Name of publisher, distributor, etc Hayes School Publishing Co. Inc,
Date of publication, distribution, etc 1990.
300 ## - PHYSICAL DESCRIPTION
Extent 65 p. :
Other physical details ill. ;
Dimensions 27 cm.
520 ## - SUMMARY, ETC.
Summary, etc 1. Creative thinking
521 ## - TARGET AUDIENCE NOTE
Target audience note
541 ## - IMMEDIATE SOURCE OF ACQUISITION NOTE
-- 1
562 ## - COPY AND VERSION IDENTIFICATION NOTE
Number of copies 1
942 ## - ADDED ENTRY ELEMENTS (KOHA)
Source of classification or shelving scheme Library of Congress Classification
Koha item type
Call number prefix
Holdings
Withdrawn status Lost status Source of classification or shelving scheme Damaged status Home library Current library Shelving location Date acquired Total Checkouts Full call number Barcode Date last seen Copy number Price effective from Koha item type
    Library of Congress Classification   Luxembourg Library Luxembourg Library Teachers Reference Section 07/16/2013   LB 1062 .K43 1990 5667 08/13/2013 1 07/16/2013 Books

Think about it :

APA

(1990). Think about it. Pennsylvania: Hayes School Publishing Co. Inc.

Chicago

1990. Think about it. Pennsylvania: Hayes School Publishing Co. Inc.

Harvard

(1990). Think about it. Pennsylvania: Hayes School Publishing Co. Inc.

MLA

Think about it. Pennsylvania: Hayes School Publishing Co. Inc. 1990.

  • Place hold
  • Print
  • Cite
  • Add to your cart (remove)
  • Save record
    BIBTEX Dublin Core MARCXML MARC (non-Unicode/MARC-8) MARC (Unicode/UTF-8) MARC (Unicode/UTF-8, Standard) MODS (XML) RIS
  • More searches
    Search for this title in:
    Other Libraries (WorldCat) Other Databases (Google Scholar) Online Stores (Bookfinder.com) Open Library (openlibrary.org)

Exporting to Dublin Core...

SOUTHVILLE LIBRARY

Southville International School and Colleges Library

1281 Tropical Ave. Cor. Luxembourg St., BF Homes International, Las Pinas City

Tel. No. 8256374 / 252358 Loc. 117/146

Powered by Koha